| 000 | 01460nam a2200313 4500 | ||
|---|---|---|---|
| 003 | CO-CtgCURN | ||
| 005 | 20250329165423.0 | ||
| 008 | 160531s2000 000 0 eng d | ||
| 040 |
_aCO-CtgCURN _bspa _ccoctgcurn |
||
| 082 | 0 |
_aDER 2000 _bB221 |
|
| 100 | 1 | _aBaños Sinning, Juan de Dios. | |
| 245 | 1 | 3 |
_aEl fuero sindical en la legislacion colombiana y sus vacios juridicos / _cJuan de Dios Baños Sinning, Nelson Rodriguez C. ; directores, Issa Ulloque Toscano, Harold Martinez Patron. |
| 260 |
_aCartagena de Indias : _bCorporacion Universitaria Rafael Nuñez, _c2000. |
||
| 300 | _a117 h. | ||
| 336 | _2rdacontent | ||
| 337 |
_2rdamedia _asin mediacion _bn |
||
| 338 |
_2rdacarrier _avolumen _bnc |
||
| 500 | _aNo tiene cesion de derechos. | ||
| 502 | _aTrabajo de grado (Abogado). Corporacion Universitaria Rafael Nuñez. Facultad de Ciencias Sociales y Humanas. Programa de Derecho, 2000. | ||
| 504 | _aIncluye bibliografia. | ||
| 590 | _aDerecho | ||
| 650 | 0 |
_aDerecho _vTesis y disertaciones academicas. |
|
| 700 | 1 | _aRodriguez C., Nelson. | |
| 700 | 1 |
_aUlloque Toscano, Issa, _edirector. |
|
| 700 | 1 |
_aHarold Martinez Patron, _edirector. |
|
| 856 | 7 |
_uhttps://unicurn.sharepoint.com/:b:/s/biblioteca/Ed4WJUvlKclNiNQhjXMi_VYBYcawo3U20pQ9ub46E5EY9w?e=uVekhi _zClick aqui para ver el recurso en texto completo |
|
| 942 |
_hDER 2000 _iB221 _2ddc _cTG |
||
| 999 |
_c3408 _d3408 |
||